[Event "Liege Soultanbeieff op"]
[Site "Liege"]
[Date "2012.04.06"]
[Round "8"]
[White "Marchal, Georges"]
[Black "Wilket, Andre"]
[Result "1/2-1/2"]
[WhiteElo "1416"]
[BlackElo "1448"]
[PlyCount "77"]
[EventDate "2012.01.27"]
[EventType "swiss"]
[EventRounds "9"]
[EventCountry "BEL"]
[SourceTitle "EXT 2013"]
[Source "ChessBase"]
[SourceDate "2012.11.22"]
[SourceVersion "1"]
[SourceVersionDate "2012.11.22"]
[SourceQuality "1"]

1. e4 d5 2. d4 dxe4 3. Nc3 Bf5 4. f3 exf3 5. Nxf3 e6 6. Bd3 Bxd3 7. Qxd3 Nf6 8. 0-0 Be7 9. Qb5+ Nbd7 10. Qxb7 0-0 11. Qb5 Rb8 12. Qd3 Nd5 13. Ne4 h6 14. c4 N5f6 15. b3 Nxe4 16. Qxe4 Nf6 17. Qd3 c5 18. Be3 Bd6 19. Rad1 Qc7 20. dxc5 Bxc5 21. Bxc5 Qxc5+ 22. Qd4 Qxd4+ 23. Nxd4 Rbc8 24. Nf3 Rfd8 25. Ne5 Ne4 26. Rxd8+ Rxd8 27. Rxf7 Rd1+ 28. Rf1 Rxf1+ 29. Kxf1 Kf8 30. b4 a6 31. a4 Ke7 32. c5 Kd8 33. c6 Kc7 34. b5 Nc5 35. Ke2 axb5 36. axb5 Ne4 37. Kd3 Nd6 38. Kd4 Nxb5+ 39. Kc5 1/2-1/2